| 000 | 01331nam a2200349 a 4500 | ||
|---|---|---|---|
| 001 | ebr10492038 | ||
| 003 | CaPaEBR | ||
| 006 | m u | ||
| 007 | cr cn||||||||| | ||
| 008 | 040109s2004 paub sb 001 0 eng d | ||
| 010 | _z 2004043021 | ||
| 020 | _z0812238060 (alk. paper) | ||
| 020 | _z9780812219760 | ||
| 020 | _z9780812201291 (e-book) | ||
| 040 |
_aCaPaEBR _cCaPaEBR |
||
| 035 | _a(OCoLC)759158279 | ||
| 043 | _aa-tu--- | ||
| 050 | 1 | 4 |
_aCB251 _b.B57 2004eb |
| 082 | 0 | 4 |
_a956.1/0151/004 _222 |
| 100 | 1 | _aBisaha, Nancy. | |
| 245 | 1 | 0 |
_aCreating East and West _h[electronic resource] : _bRenaissance humanists and the Ottoman Turks / _cNancy Bisaha. |
| 260 |
_aPhiladelphia [Pa.] : _bUniversity of Pennsylvania Press, _cc2004. |
||
| 300 |
_a309 p. : _bmap. |
||
| 504 | _aIncludes bibliographical references and index. | ||
| 533 |
_aElectronic reproduction. _bPalo Alto, Calif. : _cebrary, _d2011. _nAvailable via World Wide Web. _nAccess may be limited to ebrary affiliated libraries. |
||
| 650 | 0 | _aEast and West. | |
| 650 | 0 | _aHumanists. | |
| 651 | 0 |
_aTurkey _xHistory _yOttoman Empire, 1288-1918. |
|
| 655 | 7 |
_aElectronic books. _2local |
|
| 710 | 2 | _aebrary, Inc. | |
| 856 | 4 | 0 |
_uhttp://site.ebrary.com/lib/rucke/Doc?id=10492038 _zAn electronic book accessible through the World Wide Web; click to view |
| 999 |
_c229084 _d229084 |
||